000 01614cam a2200217 4500500
005 20251228052256.0
041 _afre
042 _adc
100 1 0 _aJonveaux, Isabelle
_eauthor
245 0 0 _aL'Internet au monastère : de nouvelles sociabilités pour les ascètes extramondains
260 _c2010.
500 _a47
520 _aRésuméAmenant le monde à portée du cloître sans besoin d’en sortir, l’Internet offre aux moines des utilisations variées : lieu de communication, d’information ou d’achat. Accessible dans des lieux identifiés du monastère, il conquiert pratiquement toutes les communautés. Si les moines l’utilisent peu pour communiquer personnellement avec ceux qu’ils ont laissés dans le monde, l’Internet ouvre de nouvelles voies de communication pour des personnes qui n’iraient pas jusqu’au monastère. Mais brouillant toutes les frontières, il remet en cause l’extramondanité monastique et peut décentrer le moine de son unique but divin par sa diversité infinie. Les religieux travaillent donc à en encadrer l’utilisation, autant en en limitant l’accès dans l’espace et dans le temps, qu’en cadrant les motifs de navigation ou en reportant la gestion de ces nouvelles sociabilités au niveau communautaire et non individuel.
690 _aascèse
690 _aInternet
690 _amodernité
690 _amonastère
690 _asociabilité
786 0 _nTransversalités | 116 | 4 | 2010-10-01 | p. 63-77 | 1286-9449
856 4 1 _uhttps://shs.cairn.info/revue-transversalites-2010-4-page-63?lang=fr&redirect-ssocas=7080
999 _c1583195
_d1583195